00994 2200241 4500001002100000005001500021035002000036100001700056650003000073245007200103264002400175090000900199008004100208250001700249260004700266300004100313700002400354520030600378990001800684990001800702990001600720990001600736INLIS00000000003150120230106102902 a0010-06190315010 aAlzeda Resti 4aBudidaya Belut Perikanan1 aPanduan praktis budidaya belut /cAlzeda Resti; editor, Nur Iswarso ijaz Pustaka Mandiri 39.31230106 g 0 ind  aCetakan 2022 aYogyakarta :bHijaz Pustaka Mandiri,c2022 aiv, 96 halaman :bilustrasi ;c21 cm0 aNur Iswarsoeeditor aBuku ini akan memberikan penjelasan kepada Anda tentang bagaimana membenihkan dan membudidayakan belut dengan mudah dan sukses. Ditulis dengan bahasa yang mudah dan gambling, dilengkapi dengan ilustrasi foto, buku ini akan menjadi pemandu Anda dalam mengembangkan budidaya hewan yang menjanjikan ini. a036252.043137 a036252.043138 a51512.64332 a51513.64333